000 00943nac a22002417a 4500
001 BR8404738
003 BR-BrBNA
005 20240105120206.0
008 230509b bl.|||m| |||| 00| 0 por d
040 _aBR-BrBNA
_bpor
_cBiblioteca Nacional de Agricultura
072 _aE14
090 _aE14 BR8404738
110 1 _aMinisterio da Agricultura, Brasilia, DF (Brasil). Secretaria de Acompanhamento e Avaliacao
_96822
245 1 _aAcoes do Ministerio da Agricultura em 1983. Relatorio elaborado pela Secretaria de Acompanhamento e Avaliacao [planejamento economico]
260 3 _aBrasilia, DF (Brasil):
_c1984.
300 _a347 p.
490 _aRelatorio - Ministerio da Agricultura. Secretaria de Acompanhamento e Avaliacao (Brazil)
_v
_x
650 _aPLANEJAMENTO ECONOMICO
650 _aDESENVOLVIMENTO ECONOMICO
650 _aDESENVOLVIMENTO AGRICOLA
909 _a202312
_bLúcia Elande
_c55
_dLúcia Elande
942 _2AGRIS
_n0
_cMS
999 _c278282
_d278282